International business

Na minha lista:
Detalhes bibliográficos
Autor principal: Rugman, Alan M.
Outros Autores: Hodgetts, Richard M.
Formato: Livro
Idioma:inglês
Publicado em: Harlow Prentice Hall 2003
Edição:3rd ed.
Assuntos:
Tags: Adicionar Tag
Sem tags, seja o primeiro a adicionar uma tag!

MARC

LEADER 00000nam$a2200000$$$4500
001 0006674
005 20240312115746.7
020 |a 0-273-67374-2 
041 0 |a eng 
044 |a GB 
245 1 0 |a International business  |c Alan M. Rugman, Richard M. Hodgetts 
250 |a 3rd ed. 
264 1 |a Harlow  |b Prentice Hall  |c 2003 
300 |a 628 s.  |e 1 CD-ROM 
610 2 0 |a podnikanie medzinárodné 
610 2 0 |a spoločnosti nadnárodné 
610 2 0 |a politika medzinárodná 
610 2 0 |a obchod medzinárodný 
610 2 0 |a financie medzinárodné 
610 2 0 |a stratégia marketingová 
610 2 0 |a stratégia obchodná 
610 2 0 |a manažment finančný 
610 2 0 |a manažment medzinárodný 
610 2 0 |a taktika podniková 
610 2 0 |a Európska únia 
610 2 0 |a Japonsko 
610 2 0 |a Severná Amerika 
100 1 |a Rugman, Alan M. 
700 1 |a Hodgetts, Richard M.